Prestige journal of counselling psychology: a publication of the association for the promotion of innovation in education (APIE) (Record no. 38618)

MARC details
000 -LEADER
fixed length control field 00543nam a2200157Ia 4500
022 ## - INTERNATIONAL STANDARD SERIAL NUMBER
ISSN 26515687
050 ## - CALL MARK
Classification number BF 636.6 .P74/
245 #0 - TITLE STATEMENT
Title Prestige journal of counselling psychology: a publication of the association for the promotion of innovation in education (APIE)
260 ## - PUBLICATION, DISTRIBUTION, ETC. (IMPRINT)
Place of publication Calabar, Nigeria
260 ## - PUBLICATION, DISTRIBUTION, ETC. (IMPRINT)
Year of publication 2019
300 ## - PHYSICAL DESCRIPTION
Number of Pages xiii, 273 p. :ill. ; 24 cm.
650 ## - SUBJECT ADDED ENTRY--TOPICAL TERM
Topical Term Counseling psychology. Counseling--Great Britain. Psychology, Applied.
942 ## - ADDED ENTRY ELEMENTS (KOHA)
Koha item type Serials

No items available.